|
|
|
|
| LEADER |
00000cam a2200000 a 4500 |
| 001 |
vtls008849521 |
| 003 |
SK-MaSNL |
| 005 |
20260302052441.0 |
| 008 |
160610s2004 xo dl f 100 0 slo |
| 015 |
|
|
|a SNBA2007/01-00236
|
| 020 |
|
|
|a 8022721336 (brož.)
|
| 035 |
|
|
|a 0B7383D7-8CA4-4E06-8676-74C2083437DA
|
| 035 |
|
|
|a urn:nbn:sk:snk-amlbbr
|
| 035 |
|
|
|a urn:nbn:sk:snk-am0091uj
|
| 040 |
|
|
|a SNK
|b slo
|c SNK
|e AACR2
|
| 041 |
0 |
|
|a slo
|a eng
|b slo
|b eng
|
| 044 |
|
|
|a xo
|c SK
|
| 072 |
|
7 |
|a 514
|x Geometria
|2 konspekt
|
| 080 |
|
|
|a 514
|2 2001
|
| 080 |
|
|
|a 514.18
|2 2001
|
| 080 |
|
|
|a 004.38
|2 2001
|
| 080 |
|
|
|a 004.92
|2 2001
|
| 080 |
|
|
|a (063)
|2 2001
|
| 111 |
2 |
|
|a SCG symposium on computer geometry
|n (13 :
|d 2004 : Kočovce, Slovensko)
|9 709311
|
| 245 |
1 |
0 |
|a Zborník sympózia o počítačovej geometrii SCG '2004
|n Ročník 13
|c [ zostavila Daniela Velichová]
|
| 246 |
3 |
4 |
|a Proceedings of symposium on computer gemetry SCG'2004
|
| 250 |
|
|
|a [1. vyd.]
|
| 260 |
|
|
|a Bratislava
|b Slovenská technická univerzita
|c 2004
|
| 300 |
|
|
|a 142 s.
|b sch., tab.
|c 21 cm
|
| 504 |
|
|
|a Bibliogr. odkazy
|
| 546 |
|
|
|a Čiast. text angl. Res angl., slov.
|
| 650 |
0 |
7 |
|a geometria
|2 SNKPH
|9 829
|
| 650 |
0 |
7 |
|a konštrukčná geometria
|2 SNKPH
|9 833
|
| 650 |
0 |
7 |
|a počítače
|2 SNKPH
|9 2027
|
| 650 |
0 |
7 |
|a počítačová grafika
|2 SNKPH
|9 1829
|
| 655 |
|
7 |
|a zborníky konferencií
|2 SNKPH
|9 70153
|
| 700 |
1 |
|
|a Velichová, Daniela,
|d 1951-
|4 com
|9 197945
|
| 919 |
|
|
|a 80-227-2133-6
|
| 958 |
|
|
|a NB
|
| 958 |
|
|
|a OND
|
| 968 |
|
|
|d 51
|
| 999 |
|
|
|c 1105204
|d 1107134
|
| 952 |
|
|
|a SNK
|b SNK
|y PREZ
|7 0
|p 17A0522322
|o snkSC 125050
|i snk2006/19020
|8 0
|0 0
|1 0
|4 0
|d 2006-09-27
|f 1
|l 0
|r 2025-06-09 00:00:00
|w 2026-02-24
|
| 952 |
|
|
|a SNK
|b SNK
|y VYP
|7 0
|p 17A0522321
|o snkSC 125050 D1
|i snk2006/19022
|8 0
|0 0
|1 0
|4 0
|d 2006-09-27
|l 0
|r 2026-02-24 17:43:23
|w 2026-02-24
|